|
|
|
|
| LEADER |
00000nam0a2200000 4500 |
| 001 |
268196 |
| 005 |
20231101234139.0 |
| 010 |
|
|
|b 7000 экз.
|
| 035 |
|
|
|a (RuTPU)RU\TPU\book\291328
|
| 090 |
|
|
|a 268196
|
| 100 |
|
|
|a 20140828d1956 m y0rusy50 ca
|
| 101 |
0 |
|
|a rus
|
| 102 |
|
|
|a RU
|
| 105 |
|
|
|a a j 001zy
|
| 200 |
1 |
|
|a Основы строительной теплотехники жилых и бщественных зданий
|e пособие
|f А. М. Шкловер, Б. Ф. Васильев, Ф. В. Ушков
|g Академия архитектуры СССР, Научно-исследовательский институт строительной техники ; науч. ред. Б. Н. Кауфман
|
| 210 |
|
|
|a Москва
|c Государственное издательство литературы по строительству и архитектуре
|d 1956
|
| 215 |
|
|
|a 350 с. [4] вкл. л.
|c ил.
|
| 300 |
|
|
|a На пер. авт. не указаны
|
| 317 |
|
|
|5 63413507: М-133050
|a Поступила в НТБ в 1970 г. в составе книжного собрания профессора ТПИ И. Н. Бутакова
|
| 320 |
|
|
|a Литература: с. 315-317
|
| 320 |
|
|
|a Приложения: с. 318-346
|
| 606 |
1 |
|
|a Теплообмен
|x Строительство
|2 stltpush
|3 (RuTPU)RU\TPU\subj\59757
|9 77256
|
| 610 |
1 |
|
|a строительная теплотехника
|
| 610 |
1 |
|
|a жилые здания
|
| 610 |
1 |
|
|a общественные здания
|
| 610 |
1 |
|
|a теплопередача
|
| 610 |
1 |
|
|a воздухопроницание
|
| 610 |
1 |
|
|a влажность
|
| 610 |
1 |
|
|a замеры
|
| 610 |
1 |
|
|a примеры
|
| 610 |
1 |
|
|a библиотека И. Н. Бутакова
|
| 675 |
|
|
|a 697.13
|v 3
|
| 675 |
|
|
|a 09
|v 3
|
| 700 |
|
1 |
|a Шкловер
|b А. М.
|g Арон Михайлович
|
| 701 |
|
1 |
|a Васильев
|b Б. Ф.
|g Борис Федорович
|
| 701 |
|
1 |
|a Ушков
|b Ф. В.
|g Федор Васильевич
|
| 702 |
|
1 |
|a Кауфман
|b Б. Н.
|4 340
|
| 712 |
0 |
2 |
|a Академия архитектуры СССР
|b Институт строительной техники
|2 stltpush
|3 (RuTPU)RU\TPU\col\14463
|9 25938
|
| 801 |
|
1 |
|a RU
|b 63413507
|c 20140828
|
| 801 |
|
2 |
|a RU
|b 63413507
|c 20190906
|g RCR
|
| 942 |
|
|
|c BK
|